Introduction to artificial intelligence and expert systems /

Gespeichert in:
Bibliographische Detailangaben
1. Verfasser: Patterson, Dan W (Verfasst von)
Format: Buch
Sprache:Englisch
Veröffentlicht: Englewood Cliffs : Prentice Hall, 1990
Ausgabe:1.vyd.
Schlagworte:
Tags: Tag hinzufügen
Keine Tags, Fügen Sie das erste Tag hinzu!

MARC

LEADER 00000nam a22000003a 4500
001 stu5249
005 20150617225811.5
008 940308s1990----xxu-----------------eng-d
020 |a 0-13-477100-1 
040 |a STU  |b slo 
041 0 |a eng 
044 |a xxu 
080 |a 681.322.06 
080 |a 519.71  |7 stu_us_auth*stu8254 
080 |a 519.685  |7 stu_us_auth*stu8263 
080 |a 519.683.5 
100 1 |a Patterson, Dan W  |4 aut 
245 1 |a Introduction to artificial intelligence and expert systems /  |c [aut.] Patterson,Dan W 
250 |a 1.vyd. 
260 |a Englewood Cliffs :  |b Prentice Hall,  |c 1990 
300 |a 448 s 
650 7 |a expertné systémy  |2 stusub 
650 7 |a umelá inteligencia  |2 stusub 
650 7 |a reprezentácia poznatkov  |2 stusub 
650 7 |a rozpoznávanie obrazov  |2 stusub 
650 7 |a LISP  |2 stusub 
650 7 |a Prolog  |2 stusub 
650 7 |a učiace sa systémy  |2 stusub 
996 |c I*13UI4835  |l II680  |s A  |a 24  |w stu5249_0001